000 00799nam a22002537a 4500
001 BR9301515
003 BR-BrBNA
005 20230928093927.0
007 ta
008 230509b bl.||||| |||| 00| 0 por d
040 _aBR-BrBNA
_bpor
_cBiblioteca Nacional de Agricultura
041 _a(Por)
072 _aU40
090 _ U40 BR9301515
110 1 _aNucleo de Monitoramento Ambiental e de Recursos Naturais por Satelite, Campinas, SP (Brasil)
_97675
245 1 _aRelatorio tecnico anual do Nucleo de Monitoramento Ambiental e de Recursos Naturais por Satelite 1989
260 3 _aCampinas, SP (Brasil):
_c1990.
300 _a24 p.
650 _aSensoriamento Remoto
650 _aDifusao de Tecnologia
650 _aCartografia
909 _a202309
_bLucia
_c55
_dLucia Elande
942 _cBK
999 _c47946
_d47946